000 00909nam0a22002771 4500
001 rc\3255128
005 20250609200239.0
021 _aRU
_b[73-58833]
035 _a(NLR Aleph) 007481169
090 _a7518070
_c7518070
100 _a20130115d1973 |||y0rusy50 ca
101 0 _arus
102 _aRU
105 _aa z |||||
200 1 _aРемонт компрессоров пассажирских вагонов
210 _aМосква
_cТранспорт
_d1973
215 _a123 с.
_cил.
_d20
606 _aВагоны пассажирские
_xКондиционирование воздуха
_2psbo
606 _aКомпрессоры
_xРемонт
_2psbo
700 1 _aФарафонов
_bЕ.С.
_gЕвгений Степанович
701 0 _aКим Нам Су
801 0 _aRU
_bNLR
_gpsbo
801 1 _aRU
_bELAR
_2rusmarc
852 _aNLR
_j73-3/5169
942 _cBOOK
980 _aNB